000 01120nam a2200289 a 4500
001 000023439
003 DO-SdBNP
005 20260326115954.0
008 101207s1993 ag a r 001 0 spa d
020 _a0201601001
040 _aDO-SdBNP
_bspa
_cBNPHU
041 1 7 _aspa
_heng
_2Código de idiomas MARC
082 4 _a332.673
_bS688i, 1993
100 1 _aSolnik, Bruno,
_948295
240 1 0 _aInternational investments.
_lEspañol.
245 1 0 _aInversiones internacionales /
_cBruno Solnik ; traducción de Patricia Ibarra Colado ; colaborador de Fernando Gil Sanguineti.
250 _a2a ed.
260 _aBuenos Aires :
_bAddison-Wesley Iberoamericana,
_c1993.
300 _a457 p. :
_bil. ;
_c23 cm.
504 _aIncluye referencias bibliográficas y notas al pie de las páginas.
534 _pTítulo original en inglés:
_tInternational investments.
_c1991
650 7 _aInversiones extranjeras
_948296
_2LIBRUNAM
650 7 _a Relaciones económicas internacionales
_91067
_2LIBRUNAM
700 1 _aIbarra Colado, Patricia,
_etr.
_948297
700 1 _aGil Sanguineti, Fernando,
_948298
942 _2ddc
_cLBS1
999 _c22935
_d22935